<?xml version="1.0" encoding="UTF-8"?>
<record
    xmlns:xsi="http://www.w3.org/2001/XMLSchema-instance"
    xsi:schemaLocation="http://www.loc.gov/MARC21/slim http://www.loc.gov/standards/marcxml/schema/MARC21slim.xsd"
    xmlns="http://www.loc.gov/MARC21/slim">

  <leader>02564nam a2200277 a 4500</leader>
  <controlfield tag="001">000000164</controlfield>
  <controlfield tag="005">20200929145313.0</controlfield>
  <controlfield tag="008">081112s2007    dr a          001 0 spa  </controlfield>
  <datafield tag="040" ind1=" " ind2=" ">
    <subfield code="a">DO-SdBNP</subfield>
    <subfield code="b">spa</subfield>
    <subfield code="c">BNPHU</subfield>
  </datafield>
  <datafield tag="082" ind1=" " ind2=" ">
    <subfield code="a">101</subfield>
    <subfield code="b">R789c</subfield>
  </datafield>
  <datafield tag="100" ind1="1" ind2=" ">
    <subfield code="a">Rosario Jim&#xE9;nez, Jos&#xE9;</subfield>
    <subfield code="9">526</subfield>
  </datafield>
  <datafield tag="245" ind1="1" ind2="0">
    <subfield code="a">Curso de filosof&#xED;a :</subfield>
    <subfield code="b">generalidades e historia /</subfield>
    <subfield code="c">Jos&#xE9; Rosario Jim&#xE9;nez ; pr&#xF3;logo Franklin Garc&#xED;a Ferm&#xED;n.</subfield>
  </datafield>
  <datafield tag="260" ind1=" " ind2=" ">
    <subfield code="a">La Vega, Rep&#xFA;blica Dominicana :</subfield>
    <subfield code="b">Imprenta Enriquillo,</subfield>
    <subfield code="c">2007.</subfield>
  </datafield>
  <datafield tag="300" ind1=" " ind2=" ">
    <subfield code="a">v. :</subfield>
    <subfield code="b">il. ;</subfield>
    <subfield code="c">22 cm.</subfield>
  </datafield>
  <datafield tag="500" ind1=" " ind2=" ">
    <subfield code="a">La biblioteca posee el volumen 1.</subfield>
  </datafield>
  <datafield tag="500" ind1=" " ind2=" ">
    <subfield code="a">Incluye glosario de t&#xE9;rminos.</subfield>
  </datafield>
  <datafield tag="500" ind1=" " ind2=" ">
    <subfield code="a">Segunda reimpresi&#xF3;n de la primera edici&#xF3;n de 2007.</subfield>
  </datafield>
  <datafield tag="504" ind1=" " ind2=" ">
    <subfield code="a">Bibliograf&#xED;a : p. 254-258</subfield>
  </datafield>
  <datafield tag="505" ind1="0" ind2=" ">
    <subfield code="t">An&#xE1;lisis etimol&#xF3;gico del t&#xE9;rmino philosophia --</subfield>
    <subfield code="t">Algunos conceptos de filosof&#xED;a a trav&#xE9;s de la historia --</subfield>
    <subfield code="t">Definici&#xF3;n m&#xE1;s abarcadora y sus variables --</subfield>
    <subfield code="t">La metaf&#xED;sica --</subfield>
    <subfield code="t">La l&#xF3;gica --</subfield>
    <subfield code="t">La gnoseolog&#xED;a, epistemolog&#xED;a o teor&#xED;a del conocimiento --</subfield>
    <subfield code="t">La &#xE9;tica y moral --</subfield>
    <subfield code="t">La est&#xE9;tica --</subfield>
    <subfield code="t">La filosof&#xED;a social --</subfield>
    <subfield code="t">Historia de la filosof&#xED;a --</subfield>
    <subfield code="t">La lingu&#xED;stica --</subfield>
    <subfield code="t">La teolog&#xED;a --</subfield>
    <subfield code="t">Las categor&#xED;as filos&#xF3;ficas --</subfield>
    <subfield code="t">Algunas referencias hist&#xF3;ricas --</subfield>
    <subfield code="t">Los grados de las categor&#xED;as --</subfield>
    <subfield code="t">Las caracter&#xED;sticas de las categor&#xED;as --</subfield>
    <subfield code="t">Concepci&#xF3;n materialista e idealista de las categor&#xED;as --</subfield>
    <subfield code="t">Concepto de ciencia --</subfield>
    <subfield code="t">Aportes de la filosof&#xED;a al pensamiento cient&#xED;fico --</subfield>
    <subfield code="t">Los grados de conocimiento en general --</subfield>
    <subfield code="t">Conocimiento subjetivo y conocimiento objetivo --</subfield>
    <subfield code="t">Conocimiento filos&#xF3;fico y conocimiento experimental --</subfield>
    <subfield code="t">Tres concepciones sobre el origen de la filosof&#xED;a --</subfield>
    <subfield code="t">El pensamiento filos&#xF3;fico en occidente --</subfield>
    <subfield code="t">Escuelas y corrientes de la filosof&#xED;a occidental --</subfield>
    <subfield code="t">Los nuevos presupuestos de la filosof&#xED;a cristiana --</subfield>
    <subfield code="t">La patr&#xED;stica medieval --</subfield>
    <subfield code="t">La escol&#xE1;stica --</subfield>
    <subfield code="t">La decadencia medieval --</subfield>
    <subfield code="t">El humanismo --</subfield>
    <subfield code="t">El racionalismo --</subfield>
    <subfield code="t">El empirismo ilustrado --</subfield>
    <subfield code="t">El racio-empirismo --</subfield>
    <subfield code="t">La dial&#xE9;ctica hegeliana --</subfield>
    <subfield code="t">La gnoseolog&#xED;a marxista --</subfield>
    <subfield code="t">El positivismo --</subfield>
    <subfield code="t">Existencialismo --</subfield>
    <subfield code="t">La fenomelog&#xED;a --</subfield>
    <subfield code="t">Estructuralismo --</subfield>
    <subfield code="t">El neopositivismo --</subfield>
    <subfield code="t">La idea de progreso y el fin de la historia --</subfield>
    <subfield code="t">La vida sin imperativo categ&#xF3;rico --</subfield>
    <subfield code="t">Tolerancia e indiferencia --</subfield>
    <subfield code="t">El ate&#xED;smo postmoderno --</subfield>
    <subfield code="t">La ecofilosof&#xED;a (caracter&#xED;sticas generales).</subfield>
  </datafield>
  <datafield tag="590" ind1=" " ind2=" ">
    <subfield code="a">Inventariado, 2018 /LP</subfield>
  </datafield>
  <datafield tag="650" ind1=" " ind2="4">
    <subfield code="a">Filosof&#xED;a</subfield>
    <subfield code="x">Ense&#xF1;anza</subfield>
    <subfield code="9">527</subfield>
  </datafield>
  <datafield tag="650" ind1=" " ind2="4">
    <subfield code="a">Filosof&#xED;a</subfield>
    <subfield code="x">Historia</subfield>
    <subfield code="9">528</subfield>
  </datafield>
  <datafield tag="650" ind1=" " ind2="4">
    <subfield code="a">Categor&#xED;as (filosof&#xED;a)</subfield>
    <subfield code="9">529</subfield>
  </datafield>
  <datafield tag="700" ind1="1" ind2=" ">
    <subfield code="a">Garc&#xED;a Ferm&#xED;n, Franklin,</subfield>
    <subfield code="d">1957-</subfield>
    <subfield code="e">pr&#xF3;l.</subfield>
    <subfield code="9">530</subfield>
  </datafield>
  <datafield tag="910" ind1=" " ind2=" ">
    <subfield code="a">Validado. Control de calidad MMOLINA</subfield>
  </datafield>
  <datafield tag="952" ind1=" " ind2=" ">
    <subfield code="0">0</subfield>
    <subfield code="1">0</subfield>
    <subfield code="5">6</subfield>
    <subfield code="7">0</subfield>
    <subfield code="8">DS</subfield>
    <subfield code="a">BNPHU</subfield>
    <subfield code="b">BNPHU</subfield>
    <subfield code="c">HD</subfield>
    <subfield code="d">2009-09-01</subfield>
    <subfield code="i">LF1</subfield>
    <subfield code="l">0</subfield>
    <subfield code="o">101 R789c | v. 1, e. 3</subfield>
    <subfield code="p">164-30</subfield>
    <subfield code="r">2020-06-25</subfield>
    <subfield code="w">2020-06-25</subfield>
    <subfield code="y">LF1</subfield>
    <subfield code="z">Autografiado por el autor a la Biblioteca Nacional</subfield>
    <subfield code="Z">Pr&#xE9;stamo en sala</subfield>
  </datafield>
  <datafield tag="952" ind1=" " ind2=" ">
    <subfield code="0">0</subfield>
    <subfield code="1">0</subfield>
    <subfield code="7">1</subfield>
    <subfield code="8">PD</subfield>
    <subfield code="a">BNPHU</subfield>
    <subfield code="b">BNPHU</subfield>
    <subfield code="c">HD</subfield>
    <subfield code="d">2009-06-19</subfield>
    <subfield code="e">000630</subfield>
    <subfield code="i">LF1</subfield>
    <subfield code="l">0</subfield>
    <subfield code="o">101 R789c | v. 1</subfield>
    <subfield code="p">164-10</subfield>
    <subfield code="r">2020-06-25</subfield>
    <subfield code="w">2020-06-25</subfield>
    <subfield code="y">1</subfield>
    <subfield code="z">Autografiado por el autor a la Biblioteca Nacional</subfield>
    <subfield code="Z">No se presta</subfield>
  </datafield>
  <datafield tag="952" ind1=" " ind2=" ">
    <subfield code="0">0</subfield>
    <subfield code="1">0</subfield>
    <subfield code="7">1</subfield>
    <subfield code="8">PD</subfield>
    <subfield code="a">BNPHU</subfield>
    <subfield code="b">BNPHU</subfield>
    <subfield code="c">HD</subfield>
    <subfield code="d">2009-06-19</subfield>
    <subfield code="e">000631</subfield>
    <subfield code="i">LF1</subfield>
    <subfield code="l">0</subfield>
    <subfield code="o">101 R789c | v.1, e. 2</subfield>
    <subfield code="p">164-20</subfield>
    <subfield code="r">2020-06-25</subfield>
    <subfield code="w">2020-06-25</subfield>
    <subfield code="y">1</subfield>
    <subfield code="Z">No se presta</subfield>
  </datafield>
  <datafield tag="999" ind1=" " ind2=" ">
    <subfield code="c">164</subfield>
    <subfield code="d">164</subfield>
  </datafield>
</record>
